00765nam a2200157Ia 4500008004100000024006800041082002000109100010400129245005400233260002500287600002700312650003300339856010700372952011100479999001700590250506s9999 xx 000 0 und d a08B-172-Ee, 08B-176-EE, 08B-171-EE, 07A-121-EE & 08B-181-EE a668.4120272 MUH aMuhammad Abdul Omer, Faiq Ahmed Khan, Nabeel Ahmed Qureshi, Syed Shan-ul-Haq & Aisha Ambreen Ansari 0aAutomation of Blow Bottle Molding Machine VIA PLC aKarachi:bUIT,c2008 aElectronic Engineering aBachelor of Engineering (BE) uhttps://drive.google.com/file/d/1ALB-VmO_frADJXiKvz4BizHiYios6S1Z/view?usp=sharingyClick here for PDF 001040708PR-EEaUITUbUITUd2022-07-26l0o668.4120272 MUHpEE-219r2025-05-06 11:34:14w2025-05-06yPR c27971d27971